000 00444nam a22001577a 4500
003 OSt
005 20251031111707.0
008 251031b |||||||| |||| 00| 0 eng d
022 _a0040-5639
100 _aChris Staysniak
245 _aMARYKS, ROBERT ALEKSANDER (ED):
_bExploring Jesuit Distinctiveness
260 _aUSA,
_bSages Publications;
_c2018
300 _aP.220-222
440 _aTheological Studies
_nNo.1
_vVol.79
942 _2lcc
_cART
999 _c205020
_d204980